Možnosti využitia IP protokolu v IDTS MV SR

Guardado en:
Detalles Bibliográficos
Autor principal: Horváth, Jozef (Autor)
Otros Autores: Medvecký, Martin, 1968- (Orientador)
Formato: Manuscrito Libro
Lenguaje:eslovaco
Publicado: Bratislava : STU v Bratislave FEI, 2002
Materias:
Etiquetas: Agregar Etiqueta
Sin Etiquetas, Sea el primero en etiquetar este registro!

MARC

LEADER 00000ntm a22000003a 4500
001 stu76203
005 20160719164758.2
008 020620s2002------------------------slo-d
040 |a STU  |b slo 
041 0 |a slo 
100 1 |a Horváth, Jozef  |4 aut 
245 1 |a Možnosti využitia IP protokolu v IDTS MV SR 
260 |a Bratislava :  |b STU v Bratislave FEI,  |c 2002 
300 |a 77 s 
650 7 |a informatika  |2 stusub 
700 1 |a Medvecký, Martin,  |d 1968-  |4 ths  |u E070  |U FEI Fakulta elektrotechniky a informatiky  |T FEI Ústav telekomunikácií  |X 1980  |U E070  |Y 818  |7 A000001980